Antología /

Bibliographic Details
Main Author: Marçal, Maria-Mercè
Other Authors: Aguado, Neus, 1955-, Cotoner, Luisa
Format: Electronic eBook
Language:Spanish
Catalan
Published: Sant Cugat del Vallès, Barcelona : Amelia Romero, editora : Los Libros de la Frontera, 2005.
Edition:Ed. bilingüe.
Series:Bardo (Romero, Amelia) ; 17.
Subjects:
Online Access:Digitalia Hispánica

MARC

LEADER 00000nam a2200000Ii 4500
001 DIGLIDFRO0030
003 NyNyDIG
006 m o d
007 cr |||||||||||
008 130401s2005 sp o 000 p spa d
020 |z 9788482550664 
020 |z 8482550667 
035 |a (OCoLC)888267946 
040 |a DGITA  |b eng  |e pn  |c DGITA 
041 1 |a spa  |a cat  |h cat 
050 1 4 |a PC3942.23.A66 eBook 
100 1 |a Marçal, Maria-Mercè. 
240 1 0 |a Poems.  |l Spanish and Catalan.  |k Selections 
250 |a Ed. bilingüe. 
245 1 0 |a Antología /  |c Maria-Mercè Marçal ; selección, traducción, prólogo y notas de Neus Aguado y Luisa Cotoner. 
264 1 |a Sant Cugat del Vallès, Barcelona :  |b Amelia Romero, editora :  |b Los Libros de la Frontera,  |c 2005. 
300 |a 1 online resource (181 pages)  
336 |a text  |b txt  |2 rdacontent 
337 |a computer  |b c  |2 rdamedia 
338 |a online resource  |b cr  |2 rdacarrier 
490 1 |a Bardo. Cuarta etapa. Colección de poesía ;  |v 17. 
546 |a Catalan and Spanish. 
600 1 0 |a Marçal, Maria-Mercè  |v Translations into Spanish. 
655 0 |a Electronic books. 
700 1 |a Aguado, Neus,  |d 1955- 
700 1 |a Cotoner, Luisa. 
791 2 |a Digitalia (Firm),  |e distributor. 
830 0 |a Bardo (Romero, Amelia) ;  |v 17. 
793 0 |g Digitalia eBook Collection:  |a Libros de la Frontera. 
856 4 0 |3 Digitalia Hispánica  |u https://www.digitaliapublishing.com/a/10185/ 
910 |a Premium Collection: 2007-2012